000 01135nmm a2200385 a 4500
003 AR-BaBNM
005 20251128204555.0
008 156019s1995 ||||||||||||||000 | spa||
020 _a950-692-022-2
040 _cAR-BaBNM
245 1 0 _aPáginas sobre Hispanoamérica colonial
_bsociedad y cultura. 2
260 _aBuenos Aires
_bPRHISCO-CONICET
_c1995
300 0 _a121 p.
_bil.
500 0 _aPRHISCO: Publicación del Programa de Investigaciones sobre Hispanoamérica colonial
500 0 _aCONICET: Consejo Nacional de Investigaciones Científicas y Técnicas
650 4 _aHISTORIOGRAFIA
650 4 _aHISTORIA AMERICANA
650 4 _aHISTORIA CULTURAL
650 4 _aVIRREINATOS
650 4 _aHISTORIA POLITICA
650 4 _aPERIODO HISPANICO
650 4 _aINVESTIGACION HISTORICA
650 4 _aARQUEOLOGIA
650 4 _aMISIONES JESUITICAS
650 4 _aCOSTUMBRES Y TRADICIONES
650 4 _aMUJERES
651 4 _aPerú
651 4 _aParaguay
651 4 _aEspaña
651 4 _aArgentina
653 0 _aGUARANI
700 1 _aRípodas Ardanaz, Daisy
_edirector
942 _cBK
998 _cMARTIN
999 _c7973
_d7973